5 STEPS TO A 5: (Record no. 9915)
[ view plain ]
| 000 -LEADER | |
|---|---|
| fixed length control field | 00578nam a22001817a 4500 |
| 003 - CONTROL NUMBER IDENTIFIER | |
| control field | OSt |
| 005 - DATE AND TIME OF LATEST TRANSACTION | |
| control field | 20260204071809.0 |
| 008 - FIXED-LENGTH DATA ELEMENTS--GENERAL INFORMATION | |
| fixed length control field | 260204b |||||||| |||| 00| 0 eng d |
| 020 ## - INTERNATIONAL STANDARD BOOK NUMBER | |
| International Standard Book Number | 9780071803922 |
| 022 ## - INTERNATIONAL STANDARD SERIAL NUMBER | |
| International Standard Serial Number | 19491662 |
| 040 ## - CATALOGING SOURCE | |
| Transcribing agency | Mc Graw Hill Education |
| 050 ## - LIBRARY OF CONGRESS CALL NUMBER | |
| Classification number | BF 121 .M245 2013 |
| Item number | .M245 2013 |
| 245 ## - TITLE STATEMENT | |
| Title | 5 STEPS TO A 5: |
| Remainder of title | AP PSYCHOLOGY/ |
| Statement of responsibility, etc. | MAITLAND, lAURA lINCOLN |
| 250 ## - EDITION STATEMENT | |
| Edition statement | 1st edition |
| 260 ## - PUBLICATION, DISTRIBUTION, ETC. | |
| Place of publication, distribution, etc. | Newyork: |
| Name of publisher, distributor, etc. | Mc Graw Hill Education, |
| Date of publication, distribution, etc. | 2013 |
| 300 ## - PHYSICAL DESCRIPTION | |
| Extent | ix, 341 pages, |
| Other physical details | ill.: som col, includes bibliographic references and index, |
| Dimensions | 27.2 cm. |
| 942 ## - ADDED ENTRY ELEMENTS (KOHA) | |
| Source of classification or shelving scheme | Library of Congress Classification |
| Koha item type | Books |
| Suppress in OPAC | No |
| Withdrawn status | Lost status | Source of classification or shelving scheme | Damaged status | Not for loan | Home library | Current library | Date acquired | Total checkouts | Barcode | Date last seen | Price effective from | Koha item type |
|---|---|---|---|---|---|---|---|---|---|---|---|---|
| Library of Congress Classification | PIU Library | Main Library | 02/04/2026 | PIUDL913 | 02/04/2026 | 02/04/2026 | Books |